University Home | Library Home | Institutional Repository

Journal de route de Charles Lemaire : (Record no. 193915)

MARC details
000 -LEADER
fixed length control field 01251cam2a220021700 4500
001 - CONTROL NUMBER
control field tmp15393031
003 - CONTROL NUMBER IDENTIFIER
control field UPRA
005 - DATE AND TIME OF LATEST TRANSACTION
control field 20190830114645.0
008 - FIXED-LENGTH DATA ELEMENTS--GENERAL INFORMATION
fixed length control field 950803s1953 be fre u
035 ## - SYSTEM CONTROL NUMBER
System control number (Sirsi) r71544
035 ## - SYSTEM CONTROL NUMBER
System control number (UPRA)tmp15393031
040 ## - CATALOGING SOURCE
Transcribing agency UPRA
100 1# - MAIN ENTRY--PERSONAL NAME
Personal name Le Maire, Charles.
Linkage A32724.1
245 10 - TITLE STATEMENT
Title Journal de route de Charles Lemaire :
Remainder of title reconnaissance menee aux sources du Ye-Yi (avril-mai 1903) : Avec avant-propos de Th. Heyse.
260 ## - PUBLICATION, DISTRIBUTION, ETC.
Place of publication, distribution, etc. Bruxelles,
Date of publication, distribution, etc. 1953.
490 1# - SERIES STATEMENT
Series statement Institut Royal Colonial Belge. Section des sciences morales et politiques. Memoires. Collection in-8 . ;
Volume/sequential designation t. 32, fasc.1
651 #0 - SUBJECT ADDED ENTRY--GEOGRAPHIC NAME
Geographic name Zaire -- Description and travel.
General subdivision Zaire -- Description and travel.
Linkage S3301.1
810 2# - SERIES ADDED ENTRY--CORPORATE NAME
Corporate name or jurisdiction name as entry element Institut royal colonial belge. Section des sciences morales et politiques. Memoires. Collection in-8 ;
Subordinate unit Institut royal colonial belge. Section des sciences morales et politiques. Memoires. Collection in-8 ;
Title of a work Institut royal colonial belge. Section des sciences morales et politiques. Memoires. Collection in-8 ;
Name of part/section of a work Institut royal colonial belge. Section des sciences morales et politiques. Memoires. Collection in-8 ;
Volume/sequential designation t. 32, fasc.1
Linkage S5497.1
949 ## - LOCAL PROCESSING INFORMATION (OCLC)
a DT646
w lcc
i -97652
m MAIN
t BOOK
l ON-SHELF

No items available.

© 2026 - The University of Zambia Library - Koha v25.11